000 00310nam a22001337a 4500
008 171005b xxu||||| |||| 00| 0 eng d
020 _a9781857751390
041 _aeng
080 _a159.9
100 _a48
101 _aPSI
245 _aTREATING PEOPLE WIT AND STREESS
_cWILKINSON.G
942 _2udc
_cBK
999 _c31898
_d31898